| 000 | 00443nam a2200181Ia 4500 | ||
|---|---|---|---|
| 005 | 20250603144754.0 | ||
| 008 | 250603s9999 xx 000 0 und d | ||
| 020 | _a9788121908146 | ||
| 050 | _aQH 581 .V47/ | ||
| 100 | _aVerma, P.S. | ||
| 245 | 0 | _aCytology: Cell Biology and Molecular Biology | |
| 260 | _aNew Delhi | ||
| 260 | _bS.Chand & Company Pvt. Ltd. | ||
| 260 | _c2015 | ||
| 300 | _a485 p | ||
| 650 | _aNew Delhi | ||
| 942 | _cBK | ||
| 999 |
_c39906 _d39906 |
||